| 000 | 00852cab a2200289 4500 | ||
|---|---|---|---|
| 001 | ABS59125 | ||
| 008 | 090401t1998 xxu||||| |||| 00| 0 eng d | ||
| 035 | _a(Sirsi) u88144 | ||
| 041 | _aeng | ||
| 100 | _aHewes, M. | ||
| 245 | 4 | _aThe building top 50 | |
| 260 | _c1998 | ||
| 350 | _a0 | ||
| 490 |
_aBuilding _v263(8048) 17 July 1998, 38-44(7) |
||
| 520 | _aProvides an analysis for 1997 of the 50 largest contractors and housebuilders in terms of turnover, profit, employment levels and salaries, and chief executives` pay. | ||
| 650 | _aCHIEF EXECUTIVES REMUNERATION | ||
| 650 | _aCONTRACTORS | ||
| 650 | _aEMPLOYMENT LEVELS | ||
| 650 | _aHOUSE BUILDERS | ||
| 650 | _aOPERATING MARGINS | ||
| 650 | _aPROFITS | ||
| 650 | _aSTAFF WAGES | ||
| 650 | _aTURNOVER | ||
| 690 | _aBUILT ENVIRONMENT | ||
| 942 | _n0 | ||
| 948 | _c26/08/1998 | ||
| 999 |
_c55683 _d55683 |
||